000
00336nam a2200133Ia 4500
008
240624s9999 xx 000 0 und d
041
_a
eng
082
_a
346.048 RAO
100
_a
RAO A V NARSIMHA
245
_a
COPYRIGHT LAW CONCEPTS
260
_c
2005
_a
Hyderabad
_b
ICFAI University
300
_a
v, : 195 : p. : cm. ; 23
365
_c
RS
999
_c
2815
_d
2815